Childhood and adolescence in Canada (Record no. 1412)
[ view plain ]
| 000 -LEADER | |
|---|---|
| fixed length control field | nam a22 a 4500 |
| 005 - DATE AND TIME OF LATEST TRANSACTION | |
| control field | 20170509142014.0 |
| 008 - FIXED-LENGTH DATA ELEMENTS--GENERAL INFORMATION | |
| fixed length control field | 800918s1979 enka | 000 | eng |
| 020 ## - INTERNATIONAL STANDARD BOOK NUMBER | |
| International Standard Book Number | 0070829357 |
| 040 ## - CATALOGING SOURCE | |
| Original cataloging agency | AKMAL |
| 082 ## - DEWEY DECIMAL CLASSIFICATION NUMBER | |
| Classification number | 301.4310 ISH |
| 090 ## - LOCALLY ASSIGNED LC-TYPE CALL NUMBER (OCLC); LOCAL CALL NUMBER (RLIN) | |
| Classification number (OCLC) (R) ; Classification number, CALL (RLIN) (NR) | 301.4310 |
| Local cutter number (OCLC) ; Book number/undivided call number, CALL (RLIN) | ISH |
| 245 ## - TITLE STATEMENT | |
| Title | Childhood and adolescence in Canada |
| Statement of responsibility, etc. | edited and with an introduction by K. Ishwaran. |
| 260 ## - PUBLICATION, DISTRIBUTION, ETC. | |
| Place of publication, distribution, etc. | Toronto, London |
| Name of publisher, distributor, etc. | McGraw-Hill |
| Date of publication, distribution, etc. | 1979. |
| 300 ## - PHYSICAL DESCRIPTION | |
| Extent | [9],396p. |
| Other physical details | ill. |
| Dimensions | 23cm. |
| 490 0# - SERIES STATEMENT | |
| Series statement | Interdisciplinary studies in family and marriage |
| 504 ## - BIBLIOGRAPHY, ETC. NOTE | |
| Bibliography, etc. note | Includes bibliographies. |
| 650 0# - SUBJECT ADDED ENTRY--TOPICAL TERM | |
| Topical term or geographic name entry element | Children |
| General subdivision | Addresses, essays, lectures. |
| Geographic subdivision | Canada |
| 9 (RLIN) | 2776 |
| 650 0# - SUBJECT ADDED ENTRY--TOPICAL TERM | |
| Topical term or geographic name entry element | Youth |
| General subdivision | Addresses, essays, lectures. |
| Geographic subdivision | Canada |
| 9 (RLIN) | 2777 |
| 650 0# - SUBJECT ADDED ENTRY--TOPICAL TERM | |
| Topical term or geographic name entry element | Child development |
| General subdivision | Addresses, essays, lectures. |
| Geographic subdivision | Canada |
| 9 (RLIN) | 2778 |
| 700 1# - ADDED ENTRY--PERSONAL NAME | |
| Personal name | Ishwaran, K. |
| Dates associated with a name | 1922 |
| Fuller form of name | (Karigoudar) |
| 9 (RLIN) | 2779 |
| 852 4# - LOCATION | |
| Location | British Library |
| Sublocation or collection | DSC |
| 852 41 - LOCATION | |
| Location | British Library |
| Sublocation or collection | HMNTS |
| 942 ## - ADDED ENTRY ELEMENTS (KOHA) | |
| Source of classification or shelving scheme | |
| Koha item type | Book |
| Withdrawn status | Lost status | Source of classification or shelving scheme | Damaged status | Not for loan | Collection code | Home library | Current library | Shelving location | Date acquired | Inventory number | Total Checkouts | Full call number | Barcode | Date last seen | Price effective from | Koha item type |
|---|---|---|---|---|---|---|---|---|---|---|---|---|---|---|---|---|
| NON-FICTION | AKMAL Melaka | AKMAL Melaka | PINJAMAN | 09.05.2017 | 301569 | 301.4310 ISH | 201702648 | 09.05.2017 | 09.05.2017 | Book |
